000 00297nam a2200145Ia 4500
100 _aRao/Ketha Anuradha
942 _cBK
654 _ainformation
245 _aInformation theory
260 _bNandu
_aMumbai
_c2002
082 _a3.54
_bRAO
300 _a158
546 _aENGLISH
999 _c26858
_d26858